000 01035cam a2200301 i 4500
999 _c129772
_d129772
001 19394944
003 ARRUPE
005 20190903105227.0
008 161205s2016 rh a b 000 0 eng
010 _a 2015334656
020 _a9780797472433
040 _aDLC
_beng
_cDLC
_erda
042 _alcode
_apcc
043 _af------
050 0 0 _aHQ281
_b.S36 2016
245 0 4 _aThe scourge of human trafficking :
_bmodern-day slavery /
_cedited by Sr Janice McLaughlin.
260 _aHarare
_bThe African Forum for Catholic Social Teaching
_c2016
300 _avii, 59 pages :
_billustrations ;
_c21 cm
504 _aIncludes bibliographical references.
650 0 _aHuman trafficking
_zAfrica.
_947984
700 1 _aMcLaughlin, Janice,
_eeditor.
_927650
710 2 _aAfrican Forum for Catholic Social Teachings.
_947985
906 _a7
_bcbc
_corigode
_d3
_encip
_f20
_gy-gencatlg
942 _2lcc
_cMONOGRAPH